Solat amali

Bibliographic Details
Main Author: Mohamed Jusoh (Author)
Format: Book
Language:Malay
Published: Kuala Lumpur : Percetakan Nasional Malaysia Berhad 1993
Subjects:

MARC

LEADER 00000cam a2200000 7i4500
001 0000004266
005 20240930.0
008 231128 my may
020 |a 9671330463 (pbk) 
040 |a INS   |b eng   |e rda 
090 0 0 |a BP183.3   |b .M64 1993 
100 0 |a Mohamed Jusoh ,   |e author 
245 1 0 |a Solat amali   |c oleh Hj. Mohamed bin Jusod 
264 1 |a Kuala Lumpur :   |b Percetakan Nasional Malaysia Berhad   |c 1993 
300 |a xi, 67 pages :   |b illustrations, some colour ;   |c 25 cm. 
336 |a text  |2 rdacontent 
337 |a unmediated  |2 rdamedia 
338 |a volume  |2 rdacarrier 
650 0 |a Prayer   |x Islam 
999 |a 0000002989   |b BOOK   |c Open Shelf   |e Default branch